Quản trị chiến lược bài tập và nghiên cứu tình huống
Sách trình bày tổng quan về quản trị chiến lược, cạnh tranh trong ngành, mô hình hoạch định chiến lược, phân tích môi trường bên ngoài, phân tích công ty...
Bewaard in:
| Hoofdauteur: | |
|---|---|
| Andere auteurs: | , |
| Formaat: | Boek |
| Taal: | Vietnamese |
| Gepubliceerd in: |
Cà Mau
Phương đông
2011
|
| Onderwerpen: | |
| Tags: |
Voeg label toe
Geen labels, Wees de eerste die dit record labelt!
|
| Thư viện lưu trữ: | Thư viện Trường Đại học Nam Cần Thơ |
|---|
| LEADER | 01082nam a22002177a 4500 | ||
|---|---|---|---|
| 001 | NCT_57208 | ||
| 008 | 190112b xxu||||| |||| 00| 0 vie d | ||
| 999 | |c 2763 |d 2763 | ||
| 020 | |c 82000 | ||
| 082 | 0 | 4 | |2 23rd ed. |a 658.4012 |b D107 |
| 100 | 1 | |a Bùi Văn Danh | |
| 245 | 1 | 0 | |a Quản trị chiến lược bài tập và nghiên cứu tình huống |c Bùi Văn Đanh, Nguyễn Văn Dung, Lê Quang Khôi |
| 260 | |a Cà Mau |b Phương đông |c 2011 | ||
| 300 | |a 302 tr. |c 24cm | ||
| 520 | 3 | |a Sách trình bày tổng quan về quản trị chiến lược, cạnh tranh trong ngành, mô hình hoạch định chiến lược, phân tích môi trường bên ngoài, phân tích công ty... | |
| 653 | |a Quản trị kinh doanh | ||
| 700 | 1 | |a Nguyễn Văn Dung | |
| 700 | 1 | |a Lê Quang Khôi | |
| 942 | |2 ddc |c BK | ||
| 952 | |0 0 |1 0 |2 ddc |4 0 |6 658_401200000000000_D107 |7 0 |9 15189 |a 000001 |b 000001 |d 2019-01-12 |o 658.4012 D107 |p MD.14089 |r 2019-01-12 |v 82000.00 |w 2019-01-12 |y BK | ||
| 980 | |a Thư viện Trường Đại học Nam Cần Thơ | ||